مكتبة جامعة عجلون الوطنية

فهرس بحث المكتبة

Normal view MARC view
  • احمد ، محمد شريف

Entry Personal Name

Number of records used in: 1

001 - CONTROL NUMBER

  • control field: 24989

003 - CONTROL NUMBER IDENTIFIER

  • control field: JO-AjAnu

005 - DATE AND TIME OF LATEST TRANSACTION

  • control field: 20230606074257.0

008 - FIXED-LENGTH DATA ELEMENTS

  • fixed length control field: 230606|| aca||aabn | a|a d

040 ## - CATALOGING SOURCE

  • Original cataloging agency: JO-AjAnu
  • Transcribing agency: JO-AjAnu

100 ## - HEADING--PERSONAL NAME

  • Personal name: احمد ، محمد شريف

670 ## - SOURCE DATA FOUND

  • Source citation: Work cat.: (JO-AjAnu)12856: احمد ، محمد شريف , author, مصادر الإلتزام في القانون المدني " دراسة مقارنة بالفقة الاسلامي "